=LDR 00000nam 2200000 4500 =001 INLIS000000000016297 =005 20130612111554 =008 ***********************************Ind** =035 ##$$0010-061300000016297 =041 ##$$a Ind =082 ##$$a 595.733 =090 ##$$a 595.733, Kub c =100 ##$$a Kubo, Hidekazu =245 ##$$a Capung merah, Hidekazu Kubo ; alih bahasa, Arifina =250 ##$$a seri misteri alam =260 ##$$a 1997 $b Jakarta =300 ##$$a 32 hlm., ilus, 23 cm =650 ##$$a Capung merah =700 ##$$a Arifina =850 ##$$a NBPNMAT